Political parties in the United States, 1846-1861 /

Bibliographic Details
Main Author: Macy, Jesse, 1842-1919
Format: Book
Language:English
Published: New York, London : The Macmillan company, 1911.
Series:Citizen's library of economics, politics, and sociology.
Subjects:

MARC

Tag First Indicator Second Indicator Subfields
LEADER 00000cam a2200000 4500
001 in00000063140
005 20151008051143.0
008 800505s1911 nyu b 00010 eng d
035 |a (OCoLC)06281889 
035 |9 AAG6086AM 
040 |a TXA  |c TXA  |d UtOrBLW 
049 |a TXAM  |c 1 [4986]  |c 2 [1749] 
090 |a JK2261  |b .M2 1911 
092 |a 329  |b M17 
100 1 |a Macy, Jesse,  |d 1842-1919. 
245 1 0 |a Political parties in the United States, 1846-1861 /  |c by Jesse Macy. 
264 1 |a New York,  |a London :  |b The Macmillan company,  |c 1911. 
300 |a viii, pages, 1 ., 333 pages ;  |c 20 cm. 
336 |a text  |b txt  |2 rdacontent 
337 |a unmediated  |b n  |2 rdamedia 
338 |a volume  |b nc  |2 rdacarrier 
490 1 |a The citizen's library of economics, politics, and sociology 
500 |a Series title also at head of t.-p. 
504 |a Bibliography: pages 319-326. 
650 0 |a Political parties  |z United States. 
651 0 |a United States  |x Politics and government. 
830 0 |a Citizen's library of economics, politics, and sociology. 
999 |a MARS 
999 f f |s 6f3081f0-dda0-3ab1-a410-65053b140cf1  |i d1699c1f-cff8-3631-b3bf-9df57784109e  |t 0 
952 f f |p ric  |a Texas A&M University  |b Rellis Campus  |c Joint Library Facility  |d Remote Storage  |t 0  |e JK2261 .M2 1911  |h Library of Congress classification  |i unmediated -- volume  |m A14800683211 
998 f f |a JK2261 .M2 1911  |t 0  |l Remote Storage